000 00846nam a2200253Ia 4500
003 OSt
005 20220927105315.0
006 a|||||r|||| 00| 0
007 ta
008 220926b |||||||| |||| 00| 0 eng d
020 _a978921128305
024 _a174105
037 _cReference Collections
040 _aRTL
_cRTL
_beng
041 _2eng
_aeng
082 _a"X991:77.461, P7/UN"
110 _a"UNITED NATIONS ,ECONOMIC AND SOCIAL COMMISSION FOR WESTERN ASIA"
245 0 _a"Annual review of development in globlization and regional integration in the Arab countries ,2006"
260 _aNew
_bYark United Nations
300 _a"xi,85p"
_ccm.
700 _a"UNITED NATIONS ,ECONOMIC AND SOCIAL COMMISSION FOR WESTERN ASIA"
942 _h"X991:77.461, P7/UN"
_cCC
999 _c691716
_d691716